[Event "Oberliga Nord N 0102"]
[Site "Germany"]
[Date "2002.04.28"]
[Round "9.4"]
[White "Langrock, Hannes"]
[Black "Mordhorst, Henning"]
[Result "1-0"]
[WhiteElo "2245"]
[BlackElo "2282"]
[PlyCount "109"]
[EventDate "2001.10.07"]
[EventType "team"]
[EventRounds "9"]
[EventCountry "GER"]
[SourceTitle "EXT 2002"]
[Source "ChessBase"]
[SourceDate "2001.11.25"]
[SourceVersion "1"]
[SourceVersionDate "2001.11.25"]
[SourceQuality "1"]
[WhiteTeam "Hamburger SK II"]
[BlackTeam "Hamburg Diogenes"]
[WhiteTeamCountry "GER"]
[BlackTeamCountry "GER"]

1. e4 c6 2. d4 d5 3. Nd2 dxe4 4. Nxe4 Nf6 5. Nxf6+ gxf6 6. Nf3 Bf5 7. g3 Qd5 8. c3 Qe4+ 9. Qe2 Nd7 10. Be3 0-0-0 11. Bg2 Qd3 12. Nh4 Qxe2+ 13. Kxe2 Bg4+ 14. Bf3 Bxf3+ 15. Nxf3 h5 16. Rhd1 e6 17. c4 Nb6 18. b3 Ba3 19. Bc1 Bxc1 20. Raxc1 a5 21. Rc3 Rhe8 22. Rcd3 Kc7 23. Nd2 e5 24. dxe5 Rxe5+ 25. Re3 a4 26. Ne4 Rxd1 27. Kxd1 axb3 28. axb3 Nd7 29. Kd2 Re6 30. f4 b6 31. b4 c5 32. b5 f5 33. Ng5 Rxe3 34. Kxe3 Nf6 35. Kf3 Kb7 36. Nxf7 Ne4 37. Ne5 Nd2+ 38. Ke2 Ne4 39. Ke3 Nd6 40. h3 Kc7 41. Kf3 Kd8 42. g4 hxg4+ 43. hxg4 fxg4+ 44. Kxg4 Ke7 45. f5 Ne4 46. Kf4 Nf2 47. Kg5 Nh3+ 48. Kg6 Nf4+ 49. Kg7 Nh5+ 50. Kh6 Ng3 51. Kg6 Ne4 52. Nc6+ Kf8 53. f6 Ke8 54. f7+ Kf8 55. Nd8 1-0

[Event "Oberliga Nord N 9900"]
[Site "Germany"]
[Date "2000.??.??"]
[Round "?"]
[White "Lampe, Dirk"]
[Black "Mordhorst, Henning"]
[Result "0-1"]
[WhiteElo "2255"]
[BlackElo "2270"]
[PlyCount "76"]
[EventDate "1999.10.??"]
[EventType "team"]
[EventRounds "9"]
[EventCountry "GER"]
[SourceTitle "EXT 2001"]
[Source "ChessBase"]
[SourceDate "2000.11.22"]
[SourceVersion "1"]
[SourceVersionDate "2000.11.22"]
[SourceQuality "1"]

1. e4 e5 2. Nf3 Nc6 3. Bb5 d6 4. d4 exd4 5. Nxd4 Bd7 6. Nc3 Nf6 7. 0-0 Be7 8. Bf4 0-0 9. h3 Nxd4 10. Qxd4 Bxb5 11. Nxb5 Nd7 12. Qc4 a6 13. Nc3 Nb6 14. Qd3 Bf6 15. Rad1 Re8 16. Rfe1 Qe7 17. Be3 Bxc3 18. Qxc3 Nc8 19. Bd4 f6 20. Qb3+ Qe6 21. Qxb7 Ne7 22. Bc3 Rec8 23. Qb3 Kf7 24. f4 Rcb8 25. Qa4 Kg8 26. Rd3 Rb5 27. b3 Rc5 28. Qd4 a5 29. Rg3 Kh8 30. a4 Rb8 31. Qd2 Nc6 32. Rd3 h6 33. Rd5 Nb4 34. Rxc5 dxc5 35. e5 f5 36. Bxb4 cxb4 37. Rd1 Qb6+ 38. Qd4 Rd8 0-1

[Event "Oberliga Nord N 9900"]
[Site "Germany"]
[Date "2000.??.??"]
[Round "?"]
[White "Mordhorst, Henning"]
[Black "Gospodinow, Niels"]
[Result "1-0"]
[WhiteElo "2270"]
[BlackElo "2205"]
[PlyCount "55"]
[EventDate "1999.10.??"]
[EventType "team"]
[EventRounds "9"]
[EventCountry "GER"]
[SourceTitle "EXT 2001"]
[Source "ChessBase"]
[SourceDate "2000.11.22"]
[SourceVersion "1"]
[SourceVersionDate "2000.11.22"]
[SourceQuality "1"]

1. e4 d5 2. exd5 Qxd5 3. Nf3 Nc6 4. Nc3 Qa5 5. Bb5 Bd7 6. a3 e6 7. Rb1 Qb6 8. Qe2 Qc5 9. d4 Qe7 10. Bg5 f6 11. Bf4 g5 12. Be3 0-0-0 13. 0-0 Qf7 14. Rfd1 Nge7 15. Ne4 Nf5 16. c3 Rg8 17. b4 g4 18. Nfd2 Nxe3 19. Qxe3 f5 20. Nc5 f4 21. Qd3 g3 22. fxg3 fxg3 23. h3 Bxc5 24. bxc5 Nb8 25. Rf1 Qe7 26. Ne4 Rg6 27. Qc4 a6 28. Nd6+ 1-0

[Event "Oberliga Nord N 9900"]
[Site "Germany"]
[Date "2000.??.??"]
[Round "?"]
[White "Mordhorst, Henning"]
[Black "Tatenhorst, Volker"]
[Result "0-1"]
[WhiteElo "2270"]
[BlackElo "2260"]
[PlyCount "84"]
[EventDate "1999.10.??"]
[EventType "team"]
[EventRounds "9"]
[EventCountry "GER"]
[SourceTitle "EXT 2001"]
[Source "ChessBase"]
[SourceDate "2000.11.22"]
[SourceVersion "1"]
[SourceVersionDate "2000.11.22"]
[SourceQuality "1"]

1. e4 d6 2. d4 Nf6 3. Nc3 g6 4. Nf3 Bg7 5. Be2 0-0 6. 0-0 Bg4 7. h3 Bxf3 8. Bxf3 Nc6 9. Be3 e5 10. dxe5 Nxe5 11. Be2 Re8 12. Qd2 a6 13. Bg5 Qd7 14. f4 Nc6 15. Bf3 Nd8 16. Rad1 Qc6 17. Rf2 Qc5 18. Qd3 Ne6 19. e5 dxe5 20. b4 Qd4 21. Bxb7 Rab8 22. Bc6 Red8 23. Bxf6 Bxf6 24. Ne4 exf4 25. Kf1 Bh4 26. Qxd4 Nxd4 27. Rxf4 Nxc6 28. Rxd8+ Bxd8 29. c3 a5 30. a3 axb4 31. axb4 Kg7 32. Nd2 Bg5 33. Rf2 f5 34. g3 Ne5 35. Re2 Rd8 36. Rxe5 Rxd2 37. Rc5 Bd8 38. Rc4 Kf6 39. Rh4 h5 40. Rc4 Ke5 41. h4 Kd6 42. b5 Kd7 0-1

[Event "Oberliga Nord N 9899"]
[Site "Germany"]
[Date "1999.??.??"]
[Round "?"]
[White "Mordhorst, Henning"]
[Black "Baldauf, Bastian"]
[Result "1-0"]
[WhiteElo "2270"]
[BlackElo "2150"]
[PlyCount "143"]
[EventDate "1998.10.??"]
[EventType "team"]
[EventRounds "9"]
[EventCountry "GER"]
[SourceTitle "EXT 2000"]
[Source "ChessBase"]
[SourceDate "1999.11.16"]
[SourceVersion "1"]
[SourceVersionDate "1999.11.16"]
[SourceQuality "1"]

1. e4 e6 2. d4 d5 3. e5 c5 4. c3 Bd7 5. Nf3 Qb6 6. Be2 cxd4 7. cxd4 Bb5 8. 0-0 Bxe2 9. Qxe2 Qa6 10. Qd2 Be7 11. b3 Nh6 12. Qc2 Nc6 13. Bxh6 gxh6 14. Nc3 Rc8 15. Qe2 Nxd4 16. Nxd4 Rxc3 17. Nb5 Rc6 18. a4 Rg8 19. Qe3 Rg6 20. Rac1 Qb6 21. Qxb6 axb6 22. Nd4 Rc5 23. b4 Rc4 24. Rxc4 dxc4 25. Rc1 Bxb4 26. Rxc4 Bc5 27. Nb3 Ba3 28. g3 Kd7 29. Nd2 Rg8 30. Ne4 Be7 31. Nc3 Rc8 32. Rd4+ Ke8 33. Nb5 Rc1+ 34. Kg2 Bc5 35. Nd6+ Ke7 36. Rf4 Bxd6 37. exd6+ Kxd6 38. Rxf7 Rc7 39. Rf4 Rc5 40. Rf7 Rc7 41. Rf4 h5 42. Rd4+ Ke7 43. Rb4 Rc6 44. Rb5 h4 45. Rh5 hxg3 46. Rxh7+ Kf6 47. hxg3 Rc4 48. Rh6+ Kf5 49. Rh5+ Kf6 50. Rh4 Rc7 51. Rb4 Rc6 52. Kf3 Rd6 53. Ke3 Rc6 54. Kd3 Rd6+ 55. Ke4 Rc6 56. f4 Rc1 57. Kf3 Ra1 58. Kg4 Ra2 59. Kh3 Ra1 60. g4 Ra3+ 61. Kh4 Rf3 62. g5+ Kf5 63. Rb5+ Kxf4 64. Kh5 e5 65. Rxb6 e4 66. Rxb7 e3 67. Rf7+ Ke4 68. g6 e2 69. Re7+ Kd3 70. g7 Re3 71. Rxe3+ Kxe3 72. g8Q 1-0

[Event "Oberliga Nord N 9798"]
[Site "Germany"]
[Date "1998.??.??"]
[Round "?"]
[White "Hein, Andreas"]
[Black "Mordhorst, Henning"]
[Result "0-1"]
[WhiteElo "2310"]
[BlackElo "2275"]
[PlyCount "82"]
[EventDate "1997.10.??"]
[EventType "team"]
[EventRounds "9"]
[EventCountry "GER"]
[SourceTitle "EXT 1999"]
[Source "ChessBase"]
[SourceDate "1998.11.16"]
[SourceVersion "1"]
[SourceVersionDate "1998.11.16"]
[SourceQuality "1"]

1. Nf3 d5 2. d4 Nf6 3. Bf4 c6 4. Nbd2 Bg4 5. h3 Bxf3 6. Nxf3 e6 7. c3 Bd6 8. Bxd6 Qxd6 9. Qb3 Nbd7 10. e3 0-0 11. Be2 Ne4 12. 0-0 f5 13. Rad1 b6 14. c4 Rf6 15. Nd2 Rh6 16. Nxe4 fxe4 17. f4 Qe7 18. f5 Qg5 19. fxe6 Rxh3 20. Rf4 Rg3 21. Kf2 Rxg2+ 22. Ke1 Nf6 23. cxd5 Nxd5 24. e7 Qxe7 25. Bc4 Rd8 26. Rd2 Rg1+ 27. Rf1 Rxf1+ 28. Kxf1 b5 29. Bxd5+ Rxd5 30. a4 Qf7+ 31. Ke1 Rf5 32. Qxf7+ Kxf7 33. Rc2 bxa4 34. Rxc6 a5 35. Rc4 Rb5 36. Rxa4 Ke6 37. Kd1 h5 38. Kc2 h4 39. d5+ Kxd5 40. Rd4+ Ke5 41. Rd8 Kf5 0-1

[Event "Oberliga Nord N 9798"]
[Site "Germany"]
[Date "1997.??.??"]
[Round "?"]
[White "Knuth, Hannes"]
[Black "Mordhorst, Henning"]
[Result "1-0"]
[WhiteElo "2250"]
[BlackElo "2275"]
[PlyCount "81"]
[EventDate "1997.10.??"]
[EventType "team"]
[EventRounds "9"]
[EventCountry "GER"]
[SourceTitle "EXT 1999"]
[Source "ChessBase"]
[SourceDate "1998.11.16"]
[SourceVersion "1"]
[SourceVersionDate "1998.11.16"]
[SourceQuality "1"]

1. d4 d5 2. c4 e6 3. Nc3 Nf6 4. Bg5 c6 5. e3 h6 6. Bh4 Nbd7 7. Rc1 Qb6 8. Qc2 Ne4 9. cxd5 Nxc3 10. dxe6 Nd5 11. exd7+ Bxd7 12. a3 Bd6 13. Bc4 0-0 14. Ne2 Ne7 15. Bg3 Bf5 16. e4 Bxg3 17. exf5 Bh4 18. 0-0 Rad8 19. Rcd1 Bf6 20. Nf4 Rxd4 21. Rxd4 Qxd4 22. Ng6 Re8 23. Re1 Qd7 24. Qe4 b5 25. Ba2 Rd8 26. g4 Nd5 27. Ne5 Bxe5 28. Qxe5 Nf6 29. Qe7 Qxe7 30. Rxe7 Nxg4 31. Bxf7+ Kh8 32. Rxa7 Ne5 33. Bg6 Nc4 34. b3 Nd2 35. b4 Nf3+ 36. Kg2 Nd4 37. Kg3 Rf8 38. Kg4 Kg8 39. Rd7 Nc2 40. f6 h5+ 41. Kxh5 1-0

[Event "Oberliga Nord N 9798"]
[Site "Germany"]
[Date "1997.??.??"]
[Round "?"]
[White "Mordhorst, Henning"]
[Black "Berger, Steve"]
[Result "0-1"]
[WhiteElo "2275"]
[BlackElo "2075"]
[PlyCount "143"]
[EventDate "1997.10.??"]
[EventType "team"]
[EventRounds "9"]
[EventCountry "GER"]
[SourceTitle "EXT 1999"]
[Source "ChessBase"]
[SourceDate "1998.11.16"]
[SourceVersion "1"]
[SourceVersionDate "1998.11.16"]
[SourceQuality "1"]

1. e4 c5 2. Nf3 Nc6 3. d4 cxd4 4. Nxd4 e6 5. Nb5 d6 6. Bf4 e5 7. Be3 Nf6 8. N1c3 a6 9. Na3 b5 10. Nd5 Nxd5 11. Qxd5 Bb7 12. c3 Na5 13. Qd3 d5 14. b4 Nc4 15. Nxc4 bxc4 16. Qd1 d4 17. cxd4 Bxb4+ 18. Bd2 Bxd2+ 19. Qxd2 Qxd4 20. Qxd4 exd4 21. Bxc4 Bxe4 22. f3 Bg6 23. Rd1 Rd8 24. Bxa6 0-0 25. Bd3 Rfe8+ 26. Kf2 Rb8 27. Bc4 Rb2+ 28. Kg3 Rd8 29. Rhe1 h5 30. Re2 Rxe2 31. Bxe2 d3 32. Rd2 Kh7 33. Kf2 Rc8 34. Bd1 Rc1 35. Bb3 h4 36. h3 Kh6 37. Ke3 Kg5 38. a4 Re1+ 39. Kd4 Re2 40. Kc3 Kf4 41. a5 Ke3 42. Rd1 Kf2 43. a6 Re7 44. Rd2+ Ke3 45. Ra2 Rc7+ 46. Kb4 d2 47. Ka5 Bd3 48. Kb6 Rc3 49. Ba4 Bxa6 50. Kxa6 Rc1 51. Ra3+ Ke2 52. f4 d1Q 53. Bxd1+ Rxd1 54. g3 Rd3 55. Ra2+ Ke3 56. gxh4 Kxf4 57. Ra4+ Kf5 58. Rg4 g6 59. h5 g5 60. Rg2 Rxh3 61. Rf2+ Ke6 62. Re2+ Kf6 63. Kb5 Rxh5 64. Kc4 Rh3 65. Kd4 g4 66. Rf2+ Rf3 67. Rxf3+ gxf3 68. Ke3 Ke5 69. Kxf3 Kf5 70. Kf2 Kf4 71. Kf1 Kf3 72. Ke1 0-1

[Event "Oberliga Nord N 9697"]
[Site "Germany"]
[Date "1997.??.??"]
[Round "?"]
[White "Von Buelow, Georg"]
[Black "Mordhorst, Henning"]
[Result "1-0"]
[WhiteElo "2280"]
[BlackElo "2335"]
[PlyCount "120"]
[EventDate "1996.10.??"]
[EventType "team"]
[EventRounds "9"]
[EventCountry "GER"]
[SourceTitle "EXT 1998"]
[Source "ChessBase"]
[SourceDate "1997.11.17"]
[SourceVersion "1"]
[SourceVersionDate "1997.11.17"]
[SourceQuality "1"]

1. e4 e5 2. Nf3 Nc6 3. Nc3 Nf6 4. d4 exd4 5. Nxd4 Bb4 6. Nxc6 bxc6 7. Bd3 0-0 8. 0-0 Re8 9. Bg5 Be7 10. f4 d6 11. Qf3 Nd7 12. Bxe7 Qxe7 13. Rae1 Nc5 14. e5 d5 15. f5 Qh4 16. Qf2 Qxf2+ 17. Rxf2 Rb8 18. b3 a5 19. g4 Rb4 20. h3 Bb7 21. Kh2 h6 22. Kg3 Kf8 23. Nb1 a4 24. Rf4 Rxf4 25. Kxf4 axb3 26. axb3 Ra8 27. Nd2 Ra3 28. h4 Bc8 29. g5 hxg5+ 30. hxg5 g6 31. fxg6 Nxd3+ 32. cxd3 fxg6 33. Rc1 Bd7 34. e6 Bxe6 35. Rxc6 Bf5 36. d4 Ra7 37. Ke5 Ke7 38. Kxd5 Ra5+ 39. Rc5 Be6+ 40. Ke5 Ra7 41. d5 Bf5 42. Nf3 Kd7 43. Nd4 Rb7 44. Ne6 Bxe6 45. dxe6+ Ke7 46. Rd5 Rxb3 47. Rd7+ Ke8 48. Kf6 c5 49. Rc7 Rf3+ 50. Kxg6 Re3 51. Kf6 Rf3+ 52. Kg7 Re3 53. Rxc5 Rxe6 54. g6 Ke7 55. Rf5 Re1 56. Kg8 Ke6 57. Rf4 Rg1 58. g7 Ke7 59. Rf2 Rg3 60. Re2+ Kd7 1-0

[Event "BL2-Nord 9596"]
[Site "Germany"]
[Date "1996.??.??"]
[Round "?.4"]
[White "Mordhorst, Henning"]
[Black "Meissner, Hans Juergen"]
[Result "1-0"]
[WhiteElo "2335"]
[BlackElo "2255"]
[PlyCount "95"]
[EventDate "1995.10.??"]
[EventType "team-tourn"]
[EventRounds "9"]
[EventCountry "GER"]
[SourceTitle "GER-chT2"]
[Source "ChessBase"]
[SourceDate "1999.07.01"]
[SourceVersion "1"]
[SourceVersionDate "1999.07.01"]
[SourceQuality "1"]
[WhiteTeam "Hamburg Diogenes"]
[BlackTeam "Berlin Empor II"]
[WhiteTeamCountry "GER"]
[BlackTeamCountry "GER"]

1. e4 e5 2. Nf3 Nc6 3. Bb5 a6 4. Ba4 Nf6 5. 0-0 Be7 6. Re1 b5 7. Bb3 d6 8. c3 0-0 9. h3 Nd7 10. a4 Bb7 11. Na3 Nc5 12. axb5 axb5 13. d4 Nxb3 14. Qxb3 exd4 15. Qxb5 Qc8 16. cxd4 Ra5 17. Qb3 Rh5 18. Nc4 Bf6 19. d5 Nd8 20. Be3 Re8 21. Bd4 Be7 22. Rac1 Qd7 23. Ne3 Bf8 24. Qd3 c6 25. Bb6 cxd5 26. exd5 Qa4 27. b3 Qa8 28. Ra1 Qb8 29. Ba7 Qc7 30. Qb5 Rxe3 31. Bxe3 Rxd5 32. Qb6 Qd7 33. Nd4 h6 34. Rec1 Rc5 35. b4 Rc8 36. Rxc8 Qxc8 37. b5 Bd5 38. Rc1 Qd7 39. f3 Ne6 40. Nxe6 Qxe6 41. Bf2 Qg6 42. Qe3 Be6 43. b6 Bxh3 44. g3 d5 45. b7 Bd6 46. b8Q+ Bxb8 47. Qe8+ Kh7 48. Qxb8 1-0

[Event "Oberliga Nord N 9495"]
[Site "Germany"]
[Date "1994.??.??"]
[Round "?"]
[White "Buhr, Carl Christian"]
[Black "Mordhorst, Henning"]
[Result "1-0"]
[WhiteElo "2175"]
[BlackElo "2310"]
[PlyCount "73"]
[EventDate "1994.10.??"]
[EventType "team"]
[EventRounds "9"]
[EventCountry "GER"]
[SourceTitle "EXT 1999"]
[Source "ChessBase"]
[SourceDate "1998.11.16"]
[SourceVersion "1"]
[SourceVersionDate "1998.11.16"]
[SourceQuality "1"]

1. d4 d5 2. c4 c6 3. Nf3 Nf6 4. Qb3 e6 5. g3 Bd6 6. Bg2 0-0 7. 0-0 Nbd7 8. Nc3 dxc4 9. Qxc4 e5 10. Bg5 exd4 11. Qxd4 Be7 12. Rad1 Qb6 13. e4 h6 14. Bf4 Bc5 15. Qd2 Bb4 16. Nd4 Nc5 17. Qc2 Bg4 18. f3 Ne6 19. Be3 Nxd4 20. Bxd4 Bc5 21. Bxc5 Qxc5+ 22. Qf2 Qxf2+ 23. Rxf2 Be6 24. Rfd2 Rfe8 25. h3 Re7 26. f4 Rae8 27. b3 g6 28. e5 Nh5 29. Ne4 Kg7 30. Kh2 Rf8 31. Rf2 Kh8 32. g4 Ng7 33. Nf6 Ne8 34. Rd8 Kg7 35. f5 Bxf5 36. gxf5 Rxe5 37. Nd7 1-0

[Event "Oberliga Nord N 9293"]
[Site "Germany"]
[Date "1993.??.??"]
[Round "?"]
[White "Putzbach, Gerd"]
[Black "Mordhorst, Henning"]
[Result "1-0"]
[WhiteElo "2275"]
[BlackElo "2310"]
[PlyCount "73"]
[EventDate "1992.10.??"]
[EventType "team"]
[EventRounds "9"]
[EventCountry "GER"]
[SourceTitle "EXT 1997"]
[Source "ChessBase"]
[SourceDate "1996.11.15"]
[SourceVersion "1"]
[SourceVersionDate "1996.11.15"]
[SourceQuality "1"]

1. e4 d6 2. d4 Nf6 3. Nc3 c6 4. a4 a5 5. Bg5 Qb6 6. Qd3 Na6 7. 0-0-0 Bd7 8. f4 0-0-0 9. Nf3 Nb4 10. Qd2 d5 11. Ne5 Be8 12. exd5 Nfxd5 13. Nc4 Qc7 14. f5 Nxc3 15. bxc3 Nd5 16. Nb2 f6 17. Bh4 e5 18. fxe6 Ba3 19. Bc4 b5 20. axb5 Nb6 21. Bb3 cxb5 22. Bg3 Qb7 23. Kb1 Nc4 24. Bxc4 bxc4 25. Qc1 Rd5 26. Ka2 Qe7 27. Qf4 Bd6 28. Qe3 Bb5 29. Rhe1 Re8 30. Qe4 Bc6 31. Nxc4 Bxg3 32. Nb6+ Kd8 33. Nxd5 Qb7 34. e7+ Kc8 35. Qe6+ Bd7 36. Nb6+ Kc7 37. Qxd7+ 1-0

[Event "Oberliga Nord N 9192"]
[Site "Germany"]
[Date "1992.??.??"]
[Round "?"]
[White "Mordhorst, Henning"]
[Black "Hegeler, Frank"]
[Result "1-0"]
[WhiteElo "2310"]
[BlackElo "2245"]
[PlyCount "103"]
[EventDate "1991.10.??"]
[EventType "team"]
[EventRounds "11"]
[EventCountry "GER"]
[SourceTitle "EXT 1997"]
[Source "ChessBase"]
[SourceDate "1996.11.15"]
[SourceVersion "1"]
[SourceVersionDate "1996.11.15"]
[SourceQuality "1"]

1. e4 e5 2. Nf3 Nc6 3. Bb5 a6 4. Ba4 Nf6 5. 0-0 Nxe4 6. Re1 Nc5 7. Bxc6 dxc6 8. Qe2 e4 9. Nc3 Qe7 10. Nxe4 Nxe4 11. Qxe4 Qxe4 12. Rxe4+ Be7 13. b3 Kd8 14. Rd4+ Bd6 15. Ba3 Ke7 16. Re1+ Be6 17. Bxd6+ cxd6 18. Rb4 b5 19. Ng5 Kd7 20. Rf4 Raf8 21. h4 h6 22. Ne4 f5 23. Nc3 g5 24. Rd4 Re8 25. Rd3 Bf7 26. Rxe8 Rxe8 27. Kf1 f4 28. hxg5 hxg5 29. Rh3 Bg6 30. d3 b4 31. Ne2 Re5 32. Rh6 Re6 33. Rh8 c5 34. Ra8 d5 35. Ra7+ Kd8 36. Rg7 c4 37. Nd4 Rd6 38. Ke2 cxd3+ 39. cxd3 Kc8 40. Kd2 Kb8 41. Rg8+ Kb7 42. Nf3 Be4 43. Rxg5 Bxf3 44. gxf3 Rh6 45. Rxd5 Rh1 46. Rc5 Rb1 47. Rc2 a5 48. d4 a4 49. bxa4 b3 50. axb3 Rxb3 51. Rc3 Rb4 52. Kd3 1-0

[Event "Oberliga Nord N 9192"]
[Site "Germany"]
[Date "1992.??.??"]
[Round "?"]
[White "Mordhorst, Henning"]
[Black "Rostalski, Walter"]
[Result "0-1"]
[WhiteElo "2310"]
[BlackElo "2270"]
[PlyCount "88"]
[EventDate "1991.10.??"]
[EventType "team"]
[EventRounds "11"]
[EventCountry "GER"]
[SourceTitle "EXT 1997"]
[Source "ChessBase"]
[SourceDate "1996.11.15"]
[SourceVersion "1"]
[SourceVersionDate "1996.11.15"]
[SourceQuality "1"]

1. e4 g6 2. d4 Bg7 3. f4 d6 4. Nf3 c5 5. c3 cxd4 6. cxd4 Bg4 7. Be3 Qb6 8. Qd2 Bxf3 9. gxf3 Nc6 10. e5 d5 11. Nc3 e6 12. Rc1 Nge7 13. Bd3 a6 14. 0-0 0-0 15. Kh1 Qa5 16. a3 b5 17. b4 Qd8 18. Rg1 Rc8 19. Qg2 Nf5 20. Bxf5 exf5 21. Qa2 Ne7 22. Bf2 Rc4 23. Ne2 Qd7 24. Bh4 Rfc8 25. Rxc4 Rxc4 26. Qb2 Nc8 27. Ng3 Nb6 28. Nh5 Qc6 29. Qd2 Rc2 30. Qe1 Qc3 31. Qg3 Nc4 32. Nxg7 Kxg7 33. Bf6+ Kg8 34. Qh3 Nd2 35. e6 Qxf3+ 36. Qg2 fxe6 37. h4 Qxg2+ 38. Rxg2 Rc1+ 39. Kh2 Ne4 40. Be5 Kf7 41. h5 Rd1 42. Kh3 Rh1+ 43. Rh2 Rxh2+ 44. Kxh2 gxh5 0-1

[Event "Hamburg-ch"]
[Site "Hamburg"]
[Date "1991.??.??"]
[Round "7"]
[White "Mordhorst, Henning"]
[Black "Maahs, Erich"]
[Result "1-0"]
[WhiteElo "2285"]
[BlackElo "2360"]
[PlyCount "169"]
[EventDate "1991.??.??"]
[EventType "swiss"]
[EventRounds "9"]
[EventCountry "GER"]
[SourceTitle "TD"]
[Source "ChessBase"]
[SourceDate "1994.03.01"]
[SourceVersion "1"]
[SourceVersionDate "1994.03.01"]
[SourceQuality "1"]

1. e4 d5 2. exd5 Nf6 3. d4 Nxd5 4. c4 Nb6 5. Nf3 Bg4 6. c5 N6d7 7. h3 Bh5 8. Nc3 e6 9. Be2 Be7 10. Bf4 0-0 11. 0-0 Nc6 12. Qa4 Nf6 13. Rfe1 Re8 14. Rad1 Nd5 15. Nxd5 exd5 16. Ne5 Nxe5 17. Bxh5 Ng6 18. Bxg6 hxg6 19. Qb3 b6 20. Re5 bxc5 21. Rxd5 Qc8 22. dxc5 Rb8 23. Qc2 Bf6 24. b3 Rb4 25. Bg3 c6 26. Rd7 Qa6 27. f3 Re2 28. R1d2 Rd4 29. Rxe2 Rxd7 30. Bd6 Qb5 31. Re4 Qa5 32. a4 Rb7 33. Qd3 Rd7 34. Qe3 Kh7 35. g4 g5 36. Rc4 Rd8 37. Kg2 g6 38. Kf1 Qa6 39. Kf2 Qc8 40. Re4 Qd7 41. b4 a6 42. Kg2 Kg7 43. Qd3 Qb7 44. Qe2 Kg8 45. Qc4 Kg7 46. Qd3 Qc8 47. b5 axb5 48. axb5 cxb5 49. Qxb5 Qa8 50. Re1 Qd5 51. Qe2 Ra8 52. Rd1 Qc6 53. Be5 Qe6 54. Bxf6+ Qxf6 55. Rd6 Qc3 56. Qf2 Ra4 57. Rd5 Rb4 58. Kg3 Kh6 59. Qd2 Qxd2 60. Rxd2 Rc4 61. Rd5 Rc2 62. Re5 f6 63. Rd5 Kg7 64. Rd7+ Kh6 65. Rc7 Rd2 66. Rc8 Rc2 67. Rc6 Kg7 68. Rc7+ Kh6 69. c6 Rb2 70. Rf7 Rc2 71. Rxf6 Kg7 72. Rd6 Kf7 73. Rd7+ Kf6 74. Rd6+ Kg7 75. h4 gxh4+ 76. Kxh4 Rc3 77. Kg5 Rc5+ 78. Kf4 g5+ 79. Ke4 Rc3 80. Kd4 Rc1 81. Ke5 Kf7 82. Rd7+ Ke8 83. Kd6 Rc3 84. Re7+ Kf8 85. Re5 1-0

[Event "Regionalliga NordN 9091"]
[Site "Germany"]
[Date "1990.10.07"]
[Round "1.3"]
[White "Mordhorst, Henning"]
[Black "Gruenberg, Rainer"]
[Result "0-1"]
[WhiteElo "2285"]
[BlackElo "2350"]
[PlyCount "49"]
[EventDate "1990.10.07"]
[EventType "team-tourn"]
[EventRounds "9"]
[EventCountry "GER"]
[SourceTitle "EXT 1997"]
[Source "ChessBase"]
[SourceDate "1996.11.15"]
[SourceVersion "1"]
[SourceVersionDate "1996.11.15"]
[SourceQuality "1"]
[WhiteTeam "Hamburg Diogenes"]
[BlackTeam "Hamburg II"]
[WhiteTeamCountry "GER"]
[BlackTeamCountry "GER"]

1. e4 c5 2. Nf3 Nc6 3. d4 cxd4 4. Nxd4 Nf6 5. Nc3 d6 6. Be2 g6 7. 0-0 Bg7 8. Be3 0-0 9. Kh1 Bd7 10. f4 Nxd4 11. Bxd4 Bc6 12. Bf3 b5 13. a3 a5 14. e5 Bxf3 15. Qxf3 dxe5 16. Bxe5 b4 17. Ne4 Rc8 18. axb4 axb4 19. Rfd1 Qb6 20. Bd4 Qc6 21. Nxf6+ Bxf6 22. Qxc6 Rxc6 23. Bxf6 Rxf6 24. Rd4 Rc8 25. Rc1 0-1